New brooches : 400 + contemporary jewellery designs

Bibliographic Details
Main Author: Estrada, Nicolas (Author)
Format: Book
Published: Barcelona, Spain : Promopress 2018
Subjects:

MARC

LEADER 00000cam a2200000 7i4500
001 0000091810
005 20230716122850.0
020 |a 9788416851225 (  |q (paperback)) 
040 |e rda 
041 |a English 
090 0 0 |a 745.5942   |b EST 
100 1 |a Estrada, Nicolas ,   |e (author) 
245 1 0 |a New brooches :   |b 400 + contemporary jewellery designs   |c Nicolas Estrada 
264 1 |a Barcelona, Spain :   |b Promopress   |c 2018 
300 |a 240 pages :   |b color illustrations ;   |c 24.5 cm. 
336 |a text  |2 rdacontent 
337 |a unmediated  |2 rdamedia 
338 |a volume  |2 rdacarrier 
541 |c Purchased on 2021   |f 6304 EVM   |h RM177.45 
650 0 |a Brooches 
650 0 |a Jewelry making 
650 0 |a Textile crafts 
730 0 |a Title 
999 |a 0001728990   |b Book   |c Adult Collection   |e Perbadanan Perpustakaan Awam Johor